Obchod súčasťou systému. 3 Princípy sortimentnej politiky v maloobchode

Štruktúra sortimentu v maloobchodnej prevádzke. Rozhodnutia o zložení sortimentu. Princípy sortimentnej politiky. Štrukturalizácia maloobchodu podľa odvetví. Cenová a kvalitatívna úroveň sortimentu. Plocha prevádzkovej jednotky. Miesto umiestnenia maloobchodnej jednotky. Náklady na prevádzkovú jedno...

Descripción completa

Guardado en:
Detalles Bibliográficos
Autor principal: Daňo, Ferdinand, 1959-
Formato: Capítulo de libro
Lenguaje:eslovaco
Materias:
Etiquetas: Agregar Etiqueta
Sin Etiquetas, Sea el primero en etiquetar este registro!

MARC

LEADER 00000naa a2200000 4500
001 r025384
005 20240502071328.5
041 0 |a slo 
044 |a SK 
245 1 0 |a Obchod súčasťou systému. 3  |b Princípy sortimentnej politiky v maloobchode  |c Ferdinand Daňo 
520 |a Štruktúra sortimentu v maloobchodnej prevádzke. Rozhodnutia o zložení sortimentu. Princípy sortimentnej politiky. Štrukturalizácia maloobchodu podľa odvetví. Cenová a kvalitatívna úroveň sortimentu. Plocha prevádzkovej jednotky. Miesto umiestnenia maloobchodnej jednotky. Náklady na prevádzkovú jednotku. Sortimentná stratégia obchodnej firmy. 
610 2 0 |a obchod 
610 2 0 |a maloobchod 
610 2 0 |a sortiment tovaru 
610 2 0 |a ponuka 
610 2 0 |a dopyt 
610 2 0 |a odbyt 
610 2 0 |a podnik obchodný 
610 2 0 |a politika obchodná 
610 2 0 |a ceny 
610 2 0 |a náklady 
610 2 0 |a predaj 
610 2 0 |a predajne 
100 1 |a Daňo, Ferdinand, 1959-